Základy středního stavu. Z výsledků výzkumu nové podnikatelské generace.
Výsledky výskumu Sociologického ústavu AV ČR v r. 1992, na ktorom sa zúčastnilo tisíc podnikateľov. Registrácia v obchodnom registri a skutočný počet podnikateľov. Údaje o štruktúrnom zložení podnikateľskej vrstvy. V podnikateľskej činnosti jednoznačne dominuje obchod (58 perc. podnikov). Odporúčani...
Saved in:
| Main Author: | |
|---|---|
| Format: | Book Chapter |
| Language: | Czech |
| Subjects: | |
| Tags: |
No Tags, Be the first to tag this record!
|
MARC
| LEADER | 00000naa a2200000 4500 | ||
|---|---|---|---|
| 001 | r013493 | ||
| 005 | 20221213090137.4 | ||
| 041 | 0 | |a cze | |
| 044 | |a SK | ||
| 245 | 1 | 0 | |a Základy středního stavu. |b Z výsledků výzkumu nové podnikatelské generace. |c J. Vítečková |
| 520 | |a Výsledky výskumu Sociologického ústavu AV ČR v r. 1992, na ktorom sa zúčastnilo tisíc podnikateľov. Registrácia v obchodnom registri a skutočný počet podnikateľov. Údaje o štruktúrnom zložení podnikateľskej vrstvy. V podnikateľskej činnosti jednoznačne dominuje obchod (58 perc. podnikov). Odporúčania pre štátnu ekonomickú politiku. | ||
| 610 | 2 | 0 | |a podnikanie |
| 610 | 2 | 0 | |a podnikatelia |
| 610 | 2 | 0 | |a výskum sociologický |
| 610 | 2 | 0 | |a Čechy |
| 610 | 2 | 0 | |a 1992 |
| 610 | 2 | 0 | |a obchod |
| 610 | 2 | 0 | |a politika hospodárska |
| 100 | 1 | |a Vítečková, J. | |